Tortoise and Turtle Species - Statistics

General Stats
  • This quiz has been taken 59 times
  • The average score is 31 of 339
Answer Stats
Common name % Correct
Chelonia Mydas Green sea turtle
76%
Dermochelyidae Dermochelys Coriacea Leatherback sea turtle
70%
Temminckii Alligator snapping turtle
64%
Cheloniidae Caretta Caretta Loggerhead sea turtle
61%
Testudo Graeca Greek tortoise
58%
Borneoensis Painted terrapin
58%
Chrysemis Picta Painted turtle
58%
Agrionemys Horsefieldii Russian tortoise
55%
Testudinidae Aldabrachelys Gigantea Aldabra giant tortoise
52%
Serpentina Common snapping turtle
48%
Hermanni Hermann's tortoise
45%
Centrochelys Sulcata African spurred tortoise
42%
Eretmochelys Imbricata Hawksbill sea turtle
42%
Stigmochelys Pardalis Leopard tortoise
42%
Malacochersus Tornieri Pancake tortoise
42%
Floridana Coastal plain cooter
39%
Polyphemus Gopher tortoise
39%
Olivacea Olive ridley sea turtle
39%
Carettochelyidae Carettochelys Insculpta Pig-nosed turtle
39%
Kleinmanni Egyptian tortoise
36%
Concinna River cooter
36%
Malaclemys Terrapin Diamondback terrapin
33%
Geochelone Elegans Indian star tortoise
33%
Lepidochelys Kempii Kemp's ridley sea turtle
33%
Chelus Fimbriatus Mata mata
33%
Gopherus Agassizii Mojave desert tortoise
33%
Scripta Pond slider
33%
Chelonoidis Carbonaria Red-footed tortoise
33%
Sinensis Chinese softshell turtle
30%
Ornata Ornate slider
30%
Berlandieri Texas tortoise
30%
Astrochelys Radiata Radiated tortoise
27%
Pyxis Arachnoides Spider tortoise
27%
Blandingii Blanding's turtle
24%
Terrapene Carolina Common box turtle
24%
Indotestudo Elongata Elongated tortoise
24%
Natator Depressus Flatback sea turtle
24%
Geographica Northern map turtle
24%
Spinifera Spiny softshell turtle
24%
Spinosa Spiny turtle
24%
Emydidae Clemmys Guttata Spotted turtle
24%
Insculpta Wood turtle
24%
Manouria Emys Asian forest tortoise
21%
Glyptemis Muhlenbergii Bog turtle
21%
Caspica Caspian turtle
21%
Reevesii Chinese pond turtle
21%
Odoratus Common musk turtle
21%
Emys Orbicularis European pond turtle
21%
Apalone Ferox Florida softshell turtle
21%
Forstenii Forsten's tortoise
21%
Ornata Western box turtle
21%
Yniphora Angonoka tortoise
18%
Subrubrum Eastern mud turtle
18%
Psammobates Geometricus Geometric tortoise
18%
Gangetica Indian softshell turtle
18%
Swinhoei Yangtze giant softshell turtle
18%
Pelomedusidae Pelomedusa Subrufa African helmeted turtle
15%
Platynota Burmese star tortoise
15%
Deirochelys Reticularia Chicken turtle
15%
Irwini Irwin's turtle
15%
Marginata Marginated tortoise
15%
Mexicana Mexican box turtle
15%
Myuchelys Bellii Namoi River snapping turtle
15%
Sternotherus Carinatus Razor-backed musk turtle
15%
Mutica Smooth softshell turtle
15%
Chelydridae Chelydra Acutirostris South American snapping turtle
15%
Steindachneri Steindachner's long-necked turtle
15%
Denticulata Yellow-footed tortoise
15%
Trionyx Triunguis African softshell turtle
12%
Cantorii Asian giant softshell turtle
12%
Geoclemys Hamiltonii Black pond turtle
12%
Nigricans Black softshell turtle
12%
Rossignonii Central American snapping turtle
12%
Chilensis Chaco tortoise
12%
Flavomarginata Chinese box turtle
12%
Rafetus Euphraticus Euphrates softshell turtle
12%
Planicauda Flat-backed spider tortoise
12%
Elusor Macrurus Mary River turtle
12%
Peninsularis Peninsula cooter
12%
Morafkai Sonoran desert tortoise
12%
Platemys Platycephala Twist-necked turtle
12%
Porteri Western Santa Cruz Island giant tortoise
12%
Pseudemys Alabamensis Alabama red-bellied cooter
9%
Graptemys Barbouri Barbour's map turtle
9%
Flavomarginatus Bolson tortoise
9%
Pseudogeographica False map turtle
9%
Depressus Flattened musk turtle
9%
Nelsoni Florida red-bellied cooter
9%
Erosa Forest hinge-back tortoise
9%
Quadriocellata Four-eyed turtle
9%
Staurotypus Salvinii Giant musk turtle
9%
Homeana Home's hinge-back tortoise
9%
Impressa Impressed tortoise
9%
Minor Loggerhead musk turtle
9%
Podocnemididae Erymnochelys Madagascariensis Madagascan big-headed turtle
9%
Rubriventris Northern red-bellied cooter
9%
Pulcherrima Painted wood turtle
9%
Leprosa Spanish pond turtle
9%
Signatus Speckled Cape tortoise
9%
Spekii Speke's hinge-back tortoise
9%
Travancorica Travancore tortoise
9%
Marmorata Western pond turtle
9%
Yucatana Yucatán box turtle
9%
Tentorius African tent tortoise
6%
Cuora Amboinensis Amboina box turtle
6%
Chersina Angulata Angulate tortoise
6%
Expansa Arrau turtle
6%
Dentata Asian leaf turtle
6%
Amyda Cartilaginea Asiatic softshell turtle
6%
Kinixys Belliana Bells hinge-back tortoise
6%
Bourreti Bourret's box turtle
6%
Morenia Ocellata Burmese eyed turtle
6%
Scutata Burmese flapshell turtle
6%
Dermatemydidae Dermatemys Mawii Central American river turtle
6%
Chathamensis Chatham Island giant tortoise
6%
Sinensis Chinese stripe-necked turtle
6%
Coahuila Coahuilan box turtle
6%
Decussata Cuban slider
6%
Dunni Dunn's mud turtle
6%
Durangoense Durango mud turtle
6%
Grandis Giant Asian pond turtle
6%
Hoodensis Hood Island giant tortoise
6%
Punctata Indian flapshell turtle
6%
Indica Indian narrow-headed softshell turtle
6%
Hurum Indian peacock softshell turtle
6%
Intermedius Intermediate musk turtle
6%
Vicina Isabela Island giant tortoise
6%
Mauremys Japonica Japanese pond turtle
6%
Orlitia Borneensis Malaysian giant turtle
6%
Mccordi McCord's box turtle
6%
Integrum Mexican mud turtle
6%
Triporcatus Mexican musk turtle
6%
Maackii Northern Chinese softshell turtle
6%
Schultzei Northern New Guinea stream turtle
6%
Baska Northern river terrapin
6%
Rugosa Northern snake-necked turtle
6%
Oaxacae Oaxaca mud turtle
6%
Ouachitensis Ouachita map turtle
6%
Parkeri Parker's snake-necked turtle
6%
Pearlensis Pearl River map turtle
6%
Subglobosa Red-bellied short-necked turtle
6%
Kachunga Red-crowned roofed turtle
6%
Oculifera Ringed map turtle
6%
Mccordi Roti Island snake-necked turtle
6%
Hirtipes Rough-footed mud turtle
6%
Darwini Santiago Island giant tortoise
6%
Scorpioides Scorpion mud turtle
6%
Guentheri Sierra Negra giant tortoise
6%
Sonoriense Sonora mud turtle
6%
Rhodini Southern New Guinea stream turtle
6%
Baurii Striped mud turtle
6%
Macrochelys Suwanniensis Suwannee snapping turtle
6%
Versa Texas map turtle
6%
Vandenburghi Volcán Alcedo giant tortoise
6%
Becki Volcán Wolf giant tortoise
6%
Novaeguineae Western New Guinea stream turtle
6%
Yaquia Yaqui slider
6%
Gabonensis African forest turtle
3%
Pulchra Alabama map turtle
3%
Alamosae Alamos mud turtle
3%
Heosemys Depressa Arakan forest turtle
3%
Stejnegeri Arizona mud turtle
3%
Chitra Chitra Asian narrow-headed softshell turtle
3%
Sylhetensis Assam roofed turtle
3%
Cycloderma Aubryi Aubry's flapshell turtle
3%
Solus Berger's Cape tortoise
3%
Gaigeae Big Bend slider
3%
Peltocephalus Dumerilianus Big-headed Amazon River turtle
3%
Spengleri Black-breasted leaf turtle
3%
Nigrinoda Black-knobbed map turtle
3%
Chersobius Boulengeri Boulenger's Cape tortoise
3%
Rhinoclemmys Annulata Brown wood turtle
3%
Vandijki Burmese narrow-headed softshell turtle
3%
Nilssonia Formosa Burmese peacock softshell turtle
3%
Caglei Cagle's map turtle
3%
Vijayachelys Silvatica Cane turtle
3%
Augustipons Central American mud turtle
3%
Callirostris Colombian slider
3%
Creaseri Creaser's mud turtle
3%
Taylori Cuatro Ciénegas slider
3%
Mesoclemmys Dahli Dahl's toad-headed turtle
3%
Duncanensis Duncan Island giant tortoise
3%
Subniger East African black mud turtle
3%
Longicollis Eastern long-necked turtle
3%
Ernsti Escambia map turtle
3%
Rheodytes Leukops Fitzroy River turtle
3%
Phrynops Geoffroanas Geoffroy's toadhead turtle
3%
Gibba Gibba turtle
3%
Trifasciata Golden coin turtle
3%
Femoralis Greater dwarf tortoise
3%
Herrerai Herrera's mud turtle
3%
Pelodiscus Axenaria Hunan softshell turtle
3%
Melanochelys Trijuga Indian black turtle
3%
Tecta Indian roofed turtle
3%
Galbinifrons Indochinese box turtle
3%
Chimalhuaca Jalisco mud turtle
3%
Walloyarrina Kimberley long-necked turtle
3%
Kuchlingi Kuchling's snake-necked turtle
3%
Leithii Leith's softshell turtle
3%
Parviformis Lesser Chinese softshell turtle
3%
Lobatsiana Lobatse hinge-back tortoise
3%
Macquarii Macquarie turtle
3%
Lewyana Magdalena river turtle
3%
Malayemys Macrocephala Malayan snail-eating turtle
3%
Dogania Subplana Malayan softshell turtle
3%
Venusta Meso-American slider
3%
Claudius Angustatus Narrow-bridged musk turtle
3%
Natalensis Natal hinge-back tortoise
3%
Pelochelys Bibroni New Guinea giant softshell turtle
3%
Novaeguineae New Guinea snake-necked turtle
3%
Elseyal Dentata Northern snapping turtle
3%
Tanybaraga Northern yellow-faced turtle
3%
Trionychidae Cyclanorbis Elegans Nubian flapshell turtle
3%
Pani Pan's box turtle
3%
Homopus Areolatus Parrot-beaked tortoise
3%
Gibbonsi Pascagoula map turtle
3%
Leytensis Philippine forest turtle
3%
Podocnemis Erythrocephala Red-headed Amazon River turtle
3%
Rhinemys Rufipes Red side-necked turtle
3%
Reimanni Reimanns snake-necked turtle
3%
Gorzugi Rio Grande cooter
3%
Sabinensis Sabine map turtle
3%
Latisternum Saw-shelled turtle
3%
Senegalensis Senegal flapshell turtle
3%
Sinuatus Serrated hinged terrapin
3%
Variegatus Spotted softshell turtle
3%
Lissemys Ceylonensis Sri Lankan flapshell turtle
3%
Peltifer Stripeneck musk turtle
3%
Kinosternidae Kinosternon Acutum Tabasco mud turtle
3%
Victoriae Victoria River red-faced turtle
3%
Annamensis Vietnamese pond turtle
3%
Microphyes Volcán Darwin giant tortoise
3%
Palea Steindachneri Wattle-necked softshell turtle
3%
Niger West African black turtle
3%
Pseudemydura Umbrina Western swamp turtle
3%
Leucostomum White-lipped mud turtle
3%
Williamsi William's toadhead turtle
3%
Flaviventralis Yellow-bellied snapping turtle
3%
Flavimaculata Yellow-blotched map turtle
3%
Aurocapitata Yellow-headed box turtle
3%
Annandalii Yellow-headed temple turtle
3%
Flavescens Yellow mud turtle
3%
Mutica Yellow pond turtle
3%
Unifilis Yellow-spotted river turtle
3%
Yunnanensis Yunnan box turtle
3%
Frenatum Zambezi flapshell turtle
3%
Zhoui Zhou's box turtle
3%
Pelusios Adansonii Adanson's mud turtle
0%
Nanus African dwarf mud turtle
0%
Carinatus African keeled mud turtle
0%
Raniceps Amazon toad-headed turtle
0%
Tectifera Argentine snake-necked turtle
0%
Burrungandjii Arnhem Land long-necked turtle
0%
Gemeli Assam leaf turtle
0%
Medemi Atrato slider
0%
Nebulosa Baja California slider
0%
Rivulata Balkan pond turtle
0%
Sacalia Bealei Beale's eyed turtle
0%
Georgesi Bellinger River snapping turtle
0%
Acanthochelys Macrocephala Big-headed pantanal swamp turtle
0%
Siebenrockiella Crassicollis Black marsh turtle
0%
Spixii Black spine-neck swamp turtle
0%
Funerea Black wood turtle
0%
Hardella Thurjii Brahminy river turtle
0%
Branderhorsti Branderhorst's snapping turtle
0%
Radiolata Brazilian radiolated swamp turtle
0%
Hydromedusa Maximiliani Brazilian snake-necked turtle
0%
Pangshura Smithii Brown roofed turtle
0%
Trivittata Burmese roofed turtle
0%
Chelidae Chelodina Canni Cann's snake-necked turtle
0%
Chapini Central African mud turtle
0%
Stejnegeri Central Antillean slider
0%
Pallidipectoris Chaco side-necked turtle
0%
Megalocephala Chinese broad-headed pond turtle
0%
Melanosterna Colombian wood turtle
0%
Tuberosus Cotinga River toadhead turtle
0%
Kurrichalpongo Darwin snake-necked turtle
0%
Dorbigni D'Orbigny's slider
0%
Pulchristiata Eastern black-bridged leaf turtle
0%
Donfaustoi Eastern Santa Cruz Island tortoise
0%
Enigmatica Enigmatic leaf turtle
0%
Phantasticus Fernandina giant tortoise
0%
Steindachneri Florida mud turtle
0%
Areolata Furrowed wood turtle
0%
Expansa Giant snake-necked turtle
0%
Lavarackorum Gulf snapping turtle
0%
Gunaleni Gunalen's snake-necked turtle
0%
Hilarii Hilaire's toadhead turtle
0%
Decorata Hispaniolan slider
0%
Hogei Hoge's side-necked turtle
0%
Petersi Indian eyed turtle
0%
Tentoria Indian tent turtle
0%
Cupulatta Ivory Coast mud turtle
0%
Terrapen Jamaican slider
0%
Mouhotii Keeled box turtle
0%
Khoratensis Khorat snail-eating turtle
0%
Nasuta Large-nosed wood turtle
0%
Notochelys Platynota Malayan flat-shelled turtle
0%
Flaviemys Purvisi Manning River snapping turtle
0%
Diademata Maracaibo wood turtle
0%
Trachemys Adiutrix Maranhão slider
0%
Subtrijuga Mekong snail-eating turtle
0%
Rubida Mexican spotted wood turtle
0%
Fusca Myanmar brown leaf turtle
0%
Emolli Nicaraguan slider
0%
Signifera Northern New Guinea giant softshell turtle
0%
Emydura Australis Northern red-faced turtle
0%
Bechuanicus Okavango mud turtle
0%
Oldhamii Oldham's leaf turtle
0%
Pritchardi Pritchard's snake-necked turtle
0%
Nigricans Red-necked pond turtle
0%
Geomyda Japonica Ryukyu black-breasted leaf turtle
0%
Vogli Savanna side-necked turtle
0%
Oculifer Serrated tent tortoise
0%
Trinacris Sicilian pond turtle
0%
Sextuberculata Six-tubercled Amazon River turtle
0%
Geoemydidae Batagur Affinis Southern river terrapin
0%
Picturata Southern Vietnamese box turtle
0%
Pallida Southwestern pond turtle
0%
Oblonga Southwestern snake-necked turtle
0%
Punctularia Spot-legged wood turtle
0%
Nelsoni Spotted box turtle
0%
Leucocephalon Yuwonoi Sulawesi forest turtle
0%
Texana Texas river cooter
0%
Dhongoka Three-striped roofed turtle
0%
Tricarinata Tricarinate hill turtle
0%
Tuberculata Tuberculate toad-headed turtle
0%
Broadleyi Turkana mud turtle
0%
Upembae Upemba mud turtle
0%
Vogti Vallarta mud turtle
0%
Vanderhaegei Vanderhaege's toad-headed turtle
0%
Rhodesianus Variable mud turtle
0%
Cyclornata Vietnamese three-striped box turtle
0%
Castaneus West African mud turtle
0%
Cyclemys Atripons Western black-bridged leaf turtle
0%
Albagula White-throated snapping turtle
0%
Williamsi William's mud turtle
0%
Castanoides Yellow-bellied mud turtle
0%
Zuliae Zulia toad-headed turtle
0%
No matching quizzes found
Score Distribution
Percent of People with Each Score
Percentile by Number Answered
Your Score History
You have not taken this quiz